| 000 | 01075cam a2200265 4500 | ||
|---|---|---|---|
| 001 | ABS66266 | ||
| 008 | 021217n2002 000 0 eng u | ||
| 035 | _a(Sirsi) u120809 | ||
| 100 | _aHolmes, C | ||
| 245 | _aMoving forward | ||
| 260 | _c2002 | ||
| 490 |
_aSolicitors' Journal _v146(42) 8 November 2002, 1012-1013(2) |
||
| 520 | _aReviews proposals for modernising the Landlord and Tenant Act 1954, and streamlining the procedures. The changes are due to come into force in August 2003. The clauses which are due to be changed include contracting-out, surrenders, renewal procedure, interim rent, length of lease, termination, notices, and ownership and control of landlord's and tenant's business. Warns further changes may still be proposed. | ||
| 590 | _aABS | ||
| 650 | _aLANDLORD AND TENANT ACT 1954 | ||
| 650 | _aCONTRACTING-OUT | ||
| 650 | _aSURRENDERS | ||
| 650 | _aRENEWAL | ||
| 650 | _aINTERIM RENT | ||
| 650 | _aTERMINATION | ||
| 650 | _aNOTICES | ||
| 690 | _aLANDLORD AND TENANT-BUSINESS TENANCIES | ||
| 700 | _aSlessenger, E | ||
| 942 | _n0 | ||
| 999 |
_c71789 _d71789 |
||